[Event "Geraardsbergen op 26th"]
[White "Barbier, Wim"]
[Black "Saligo, Luc"]
[Site "Geraardsbergen"]
[Round "9"]
[Result "1-0"]
[Date "2010.08.15"]
[WhiteElo "2151"]
[BlackElo "2128"]
[PlyCount "81"]
[EventDate "2010.08.11"]
[EventType "swiss"]
[EventRounds "9"]
[EventCountry "BEL"]
[SourceTitle "CBM 138 Extra"]
[Source "ChessBase"]
[SourceDate "2010.10.29"]
[SourceVersion "1"]
[SourceVersionDate "2010.10.29"]
[SourceQuality "1"]

1. Nf3 d5 2. c4 c6 3. g3 Nf6 4. Bg2 Bf5 5. cxd5 cxd5 6. Qb3 Qb6 7. Qxb6 axb6 8. Nc3 e6 9. d3 Nc6 10. Nb5 Ra5 11. a4 Bb4+ 12. Bd2 Bxd2+ 13. Kxd2 Kd7 14. Nfd4 Bg6 15. f4 Rha8 16. b3 Ne8 17. g4 Nxd4 18. Nxd4 Nd6 19. Rac1 b5 20. f5 exf5 21. gxf5 Bh5 22. Bh3 Kd8 23. Ke3 bxa4 24. bxa4 Rxa4 25. Rc5 R4a5 26. Rhc1 Nc4+ 27. R1xc4 dxc4 28. Rxc4 Ra4 29. Rc3 Rb4 30. Rc5 g6 31. f6 Rb6 32. Bg2 Rb8 33. Ke4 Rxf6 34. Ke5 Rf2 35. Be4 Rxh2 36. Rb5 Bxe2 37. Rb2 f5 38. Bxb7 Rxb7 39. Rxb7 Bxd3 40. Kd6 Ke8 41. Ne6 1-0

[Event "Geraardsbergen op 26th"]
[White "Ooghe, Jean Marie"]
[Black "Saligo, Luc"]
[Site "Geraardsbergen"]
[Round "3"]
[Result "0-1"]
[Date "2010.08.12"]
[WhiteElo "1816"]
[BlackElo "2128"]
[PlyCount "82"]
[EventDate "2010.08.11"]
[EventType "swiss"]
[EventRounds "9"]
[EventCountry "BEL"]
[SourceTitle "CBM 138 Extra"]
[Source "ChessBase"]
[SourceDate "2010.10.29"]
[SourceVersion "1"]
[SourceVersionDate "2010.10.29"]
[SourceQuality "1"]

1. d4 b6 2. Nf3 Bb7 3. e3 e6 4. Bd3 f5 5. c4 Nf6 6. 0-0 g6 7. Nc3 Bg7 8. Qc2 d6 9. e4 0-0 10. Bg5 h6 11. Bd2 Nc6 12. a3 a5 13. exf5 exf5 14. Rae1 Qd7 15. d5 Ne5 16. Nxe5 dxe5 17. Rxe5 c6 18. Re6 cxd5 19. Rxb6 Kh7 20. Bf4 dxc4 21. Bxc4 Qd4 22. Be3 Qxc4 23. Rxb7 Ng4 24. Bb6 Qc6 25. Rxg7+ Kxg7 26. Bd4+ Kh7 27. h3 Nf6 28. Rc1 Rac8 29. Re1 Rc7 30. Be5 Re7 31. f4 Nd7 32. Kh2 Rfe8 33. Qb3 Nxe5 34. fxe5 Kg7 35. a4 Rxe5 36. Rxe5 Rxe5 37. Qb8 Re7 38. Qd8 Qc7+ 39. Qxc7 Rxc7 40. Kg3 Rc4 41. Kf3 Rb4 0-1

[Event "Geraardsbergen op 26th"]
[White "Saligo, Luc"]
[Black "Dubocage, Claude"]
[Site "Geraardsbergen"]
[Round "4"]
[Result "1-0"]
[Date "2010.08.12"]
[WhiteElo "2128"]
[BlackElo "1967"]
[PlyCount "50"]
[EventDate "2010.08.11"]
[EventType "swiss"]
[EventRounds "9"]
[EventCountry "BEL"]
[SourceTitle "CBM 138 Extra"]
[Source "ChessBase"]
[SourceDate "2010.10.29"]
[SourceVersion "1"]
[SourceVersionDate "2010.10.29"]
[SourceQuality "1"]

1. d4 g6 2. Nf3 Bg7 3. Bf4 d6 4. e3 c5 5. c3 Nd7 6. Nbd2 Ngf6 7. h3 0-0 8. Bc4 Nb6 9. Bb3 Nfd7 10. a4 Rb8 11. a5 Na8 12. 0-0 e5 13. dxe5 dxe5 14. Bg3 Qe7 15. Nc4 Kh8 16. Qd6 Re8 17. Bh4 f6 18. Rfd1 g5 19. Qxe7 Rxe7 20. Nxg5 fxg5 21. Bxg5 Bf6 22. Rxd7 Bxg5 23. Rd8+ Kg7 24. Nd6 Rd7 25. Rg8+ Kh6 1-0

[Event "BEL-ch op"]
[White "Saligo, Luc"]
[Black "Schrickx, Frank"]
[Site "Westerlo"]
[Round "9"]
[Result "1-0"]
[Date "2010.07.11"]
[WhiteElo "2128"]
[BlackElo "1896"]
[PlyCount "61"]
[EventDate "2010.07.03"]
[EventType "swiss"]
[EventRounds "9"]
[EventCountry "BEL"]
[SourceTitle "CBM 137 Extra"]
[Source "ChessBase"]
[SourceDate "2010.09.01"]
[SourceVersion "1"]
[SourceVersionDate "2010.09.01"]
[SourceQuality "1"]

1. d4 Nf6 2. Nf3 e6 3. Bf4 d5 4. e3 Bd6 5. Bg3 0-0 6. Nbd2 c5 7. c3 b6 8. Ne5 Qc7 9. f4 Ba6 10. Bxa6 Nxa6 11. Qe2 Qb7 12. 0-0 g6 13. Bh4 Ne8 14. g4 f5 15. gxf5 exf5 16. Bg5 Nac7 17. Bh6 Ng7 18. Qg2 Bxe5 19. dxe5 Nce6 20. Nc4 Qd7 21. Nd6 Nc7 22. Rfd1 Qe6 23. Rd2 Rfd8 24. Rad1 Nge8 25. Nxe8 Qxe8 26. Bg5 Rd7 27. c4 d4 28. exd4 cxd4 29. Rxd4 Rxd4 30. Rxd4 Ne6 31. Qd5 1-0

[Event "BEL-ch op"]
[White "Saligo, Luc"]
[Black "Vandenbroucke, Tim"]
[Site "Westerlo"]
[Round "1"]
[Result "0-1"]
[Date "2010.07.03"]
[WhiteElo "2128"]
[BlackElo "1819"]
[PlyCount "74"]
[EventDate "2010.07.03"]
[EventType "swiss"]
[EventRounds "9"]
[EventCountry "BEL"]
[SourceTitle "CBM 137 Extra"]
[Source "ChessBase"]
[SourceDate "2010.09.01"]
[SourceVersion "1"]
[SourceVersionDate "2010.09.01"]
[SourceQuality "1"]

1. d4 Nf6 2. Bf4 e6 3. e3 d5 4. Nd2 c5 5. c3 Nc6 6. Ngf3 Bd6 7. Bg3 0-0 8. Bd3 b6 9. Qe2 Qc7 10. 0-0 Bxg3 11. hxg3 Bb7 12. Bb5 Nd7 13. Bxc6 Bxc6 14. e4 dxe4 15. Nxe4 cxd4 16. Nxd4 Bxe4 17. Qxe4 Nf6 18. Qe2 Rfd8 19. a4 Rd5 20. Rfe1 e5 21. Nb3 Rad8 22. Qa6 R8d6 23. Qe2 Qd8 24. g4 h6 25. f3 Nh7 26. g3 Nf8 27. Rf1 Ne6 28. f4 Rd3 29. Qf2 e4 30. Qg2 Rd1 31. Qe2 R1d3 32. Qg2 Rd1 33. Raxd1 Rxd1 34. Qe2 Rd3 35. Kh2 Qd5 36. Qc2 e3 37. Rg1 Nc5 0-1

[Event "Geraardsbergen op 25th"]
[White "Saligo, Luc"]
[Black "Larmuseau, Maarten"]
[Site "Geraardsbergen"]
[Round "6"]
[Result "0-1"]
[Date "2009.08.14"]
[WhiteElo "2151"]
[BlackElo "2169"]
[PlyCount "58"]
[EventDate "2009.08.12"]
[EventType "swiss"]
[EventRounds "9"]
[EventCountry "BEL"]
[SourceTitle "CBM 132 Extra"]
[Source "ChessBase"]
[SourceDate "2009.11.03"]
[SourceVersion "1"]
[SourceVersionDate "2009.11.03"]
[SourceQuality "1"]

1. d4 Nf6 2. Bf4 g6 3. e3 Bg7 4. Nf3 d6 5. h3 e6 6. Nbd2 Qe7 7. c3 Nbd7 8. Nc4 h6 9. Be2 0-0 10. Qc2 b6 11. 0-0 Bb7 12. a4 a6 13. Nfd2 e5 14. dxe5 dxe5 15. Bg3 Rfe8 16. e4 Nc5 17. Bf3 Rad8 18. Bxe5 Rxd2 19. Bxf6 Rxc2 20. Bxe7 Rxe7 21. Bd1 Bxe4 22. Bxc2 Bxc2 23. Ne3 Bb3 24. a5 b5 25. Ra3 Re4 26. Re1 Bf8 27. Raa1 Nd3 28. Re2 Bc5 29. Rd2 Rxe3 0-1

[Event "Geraardsbergen op 25th"]
[White "Renette, Hans"]
[Black "Saligo, Luc"]
[Site "Geraardsbergen"]
[Round "3"]
[Result "1-0"]
[Date "2009.08.13"]
[WhiteElo "2320"]
[BlackElo "2151"]
[PlyCount "61"]
[EventDate "2009.08.12"]
[EventType "swiss"]
[EventRounds "9"]
[EventCountry "BEL"]
[SourceTitle "CBM 132 Extra"]
[Source "ChessBase"]
[SourceDate "2009.11.03"]
[SourceVersion "1"]
[SourceVersionDate "2009.11.03"]
[SourceQuality "1"]

1. d4 Nf6 2. Nf3 d5 3. c4 c6 4. e3 Bf5 5. Nc3 e6 6. Nh4 Bg6 7. Be2 Ne4 8. Nxg6 Nxc3 9. bxc3 hxg6 10. cxd5 exd5 11. Rb1 b5 12. Bd3 f5 13. a4 a6 14. Ra1 b4 15. cxb4 Bxb4+ 16. Bd2 Qd6 17. Bxb4 Qxb4+ 18. Qd2 Qd6 19. g3 a5 20. Rb1 Nd7 21. 0-0 0-0 22. Rfc1 Rfc8 23. Rc3 c5 24. dxc5 Rxc5 25. Rxc5 Qxc5 26. Rb5 Qa3 27. Bxf5 Nf6 28. Bxg6 Qd6 29. Rxa5 Rd8 30. Bc2 Qe5 31. Qd3 1-0

[Event "Maastricht Limburg op"]
[White "Saligo, Luc"]
[Black "Fernandez, Dandel"]
[Site "Maastricht"]
[Round "6"]
[Result "0-1"]
[Date "2007.05.28"]
[WhiteElo "2135"]
[BlackElo "2068"]
[PlyCount "100"]
[EventDate "2007.05.25"]
[EventType "swiss"]
[EventRounds "7"]
[EventCountry "NED"]
[SourceTitle "CBM 118 Extra"]
[Source "ChessBase"]
[SourceDate "2007.07.04"]
[SourceVersion "1"]
[SourceVersionDate "2007.07.04"]
[SourceQuality "1"]

1. d4 Nf6 2. Nf3 c5 3. c3 d5 4. Bf4 Nc6 5. e3 g6 6. h3 Bg7 7. Nbd2 cxd4 8. exd4 0-0 9. Be2 Nh5 10. Bh2 f5 11. Ne5 Nxe5 12. dxe5 f4 13. Bxh5 gxh5 14. Nf3 Qb6 15. Qd2 Qg6 16. 0-0-0 Be6 17. h4 d4 18. Qxd4 Bxa2 19. Qd3 Qf7 20. Ng5 Qf5 21. Rhe1 e6 22. Kc2 Bd5 23. Re2 Qxd3+ 24. Kxd3 Bb3 25. Rdd2 Rad8+ 26. Ke4 Bd5+ 27. Rxd5 exd5+ 28. Kf3 Rde8 29. e6 Rf6 30. e7 h6 31. Nh3 Kf7 32. Nxf4 Rxe7 33. Rd2 Re5 34. Kg3 Rff5 35. Nd3 Re6 36. Kh3 d4 37. cxd4 Bxd4 38. Bf4 Rb6 39. f3 Rxf4 40. Nxf4 Be3 41. Rd5 Bxf4 42. Rf5+ Rf6 43. Rxh5 Bc1 44. Rc5 Rc6 45. Rf5+ Kg7 46. Ra5 Ra6 47. Rb5 Rb6 48. Ra5 a6 49. Rc5 Bxb2 50. f4 Rb5 0-1

[Event "BEL-chT 0607"]
[White "Saligo, Luc"]
[Black "Pytel, Krzysztof"]
[Site "Belgium"]
[Round "11"]
[Result "0-1"]
[Date "2007.03.25"]
[WhiteElo "2135"]
[BlackElo "2395"]
[PlyCount "78"]
[EventDate "2006.10.01"]
[EventType "team-tourn"]
[EventRounds "11"]
[EventCountry "BEL"]
[SourceTitle "EXT 2008"]
[Source "ChessBase"]
[SourceDate "2007.11.25"]
[SourceVersion "1"]
[SourceVersionDate "2007.11.25"]
[SourceQuality "1"]
[WhiteTeam "KGSRL"]
[BlackTeam "Liege Crelel"]
[WhiteTeamCountry "BEL"]
[BlackTeamCountry "BEL"]

1. d4 g6 2. Bf4 Bg7 3. e3 d6 4. Nf3 Nd7 5. Bc4 e5 6. Bg5 Ne7 7. dxe5 dxe5 8. e4 h6 9. Bh4 a6 10. Nc3 b5 11. Bd5 Ra7 12. Bc6 g5 13. Bxd7+ Qxd7 14. Bg3 Ng6 15. Nd5 f5 16. exf5 Qxf5 17. Ne3 Qf7 18. c3 0-0 19. Qc2 Nf4 20. 0-0-0 Qxa2 21. Bxf4 exf4 22. Nd5 c6 23. Nb4 Qa1+ 24. Qb1 Qxb1+ 25. Kxb1 Bf5+ 26. Kc1 c5 27. Nc6 Rc7 28. Rd6 Rf6 29. Rd8+ Kh7 30. Nce5 Re6 31. Re1 Bf6 32. Rdd1 g4 33. Nxg4 Bxg4 34. Rxe6 Bxe6 35. Rd6 Re7 36. Rxa6 b4 37. cxb4 cxb4 38. Rb6 b3 39. Nd2 Bd4 0-1

[Event "Le Touquet op 21st"]
[White "Pucher, Olivier"]
[Black "Saligo, Luc"]
[Site "Le Touquet"]
[Round "8"]
[Result "1-0"]
[Date "2006.11.02"]
[WhiteElo "2306"]
[BlackElo "2130"]
[PlyCount "53"]
[EventDate "2006.10.28"]
[EventType "swiss"]
[EventRounds "9"]
[EventCountry "FRA"]
[SourceTitle "EXT 2007"]
[Source "ChessBase"]
[SourceDate "2006.11.23"]
[SourceVersion "1"]
[SourceVersionDate "2006.11.23"]
[SourceQuality "1"]

1. e4 d5 2. exd5 Qxd5 3. Nc3 Qa5 4. d4 c6 5. Bd2 Nf6 6. Bc4 Bf5 7. Nd5 Qd8 8. Nxf6+ gxf6 9. c3 h5 10. Qb3 Qb6 11. Bxf7+ Kd8 12. Nf3 h4 13. h3 Be4 14. 0-0-0 Qxb3 15. Bxb3 Bd5 16. c4 Bxf3 17. gxf3 Nd7 18. Rhe1 a5 19. c5 b5 20. Re6 a4 21. Bc2 Ra6 22. Bf4 Kc8 23. Rde1 Kb7 24. Kd2 Rh5 25. Kc3 Nxc5 26. dxc5 Rxc5+ 27. Kd2 1-0

[Event "Le Touquet op 21st"]
[White "Saligo, Luc"]
[Black "Gervasio, Ricardo"]
[Site "Le Touquet"]
[Round "3"]
[Result "0-1"]
[Date "2006.10.30"]
[WhiteElo "2130"]
[BlackElo "2292"]
[PlyCount "132"]
[EventDate "2006.10.28"]
[EventType "swiss"]
[EventRounds "9"]
[EventCountry "FRA"]
[SourceTitle "EXT 2007"]
[Source "ChessBase"]
[SourceDate "2006.11.23"]
[SourceVersion "1"]
[SourceVersionDate "2006.11.23"]
[SourceQuality "1"]

1. d4 Nf6 2. Bf4 d6 3. e3 Nbd7 4. Nf3 c6 5. Nbd2 g6 6. h3 Bg7 7. c3 0-0 8. a4 Nd5 9. Bh2 e5 10. dxe5 dxe5 11. e4 Nf4 12. Nc4 Qe7 13. Qd6 Qxd6 14. Nxd6 Nc5 15. Bxf4 exf4 16. Bc4 Be6 17. Bxe6 Nxe6 18. 0-0-0 Nc5 19. Kc2 a5 20. e5 Nxa4 21. Nxb7 Rfb8 22. b3 Nxc3 23. Rd7 Nd5 24. Nc5 Rb5 25. Nd3 Nb4+ 26. Nxb4 axb4 27. Re1 h6 28. Re4 g5 29. e6 fxe6 30. Rxe6 Rd5 31. Rxd5 cxd5 32. Kd3 Ra2 33. Re2 Ra3 34. Kc2 Kf7 35. g3 fxg3 36. fxg3 Ra5 37. g4 Rc5+ 38. Kd2 Rc3 39. Re3 d4 40. Rd3 Ke6 41. h4 gxh4 42. Nxh4 Bf6 43. Nf5 Kd5 44. Rxc3 dxc3+ 45. Kd3 Bg5 46. Nd4 Be7 47. Nf5 Bf8 48. Nh4 Ke6 49. Nf3 Bg7 50. Ne1 Be5 51. Ke4 Bd6 52. Nc2 Kf6 53. Ne3 Kg5 54. Kf3 Bf8 55. Nc2 Bc5 56. Na1 Kh4 57. Nc2 Kh3 58. Ne1 Kh2 59. Nc2 Kg1 60. Kg3 Kf1 61. Kf3 Bd6 62. Ke3 Kg2 63. Ke2 Bc5 64. Ne1+ Kg3 65. Nd3 Bd6 66. Nf2 Bf4 0-1

[Event "BEL-chT 0506"]
[White "Baert, Andy"]
[Black "Saligo, Luc"]
[Site "Belgium"]
[Round "3"]
[Result "0-1"]
[Date "2005.11.06"]
[WhiteElo "2183"]
[BlackElo "2108"]
[PlyCount "90"]
[EventDate "2005.10.09"]
[EventType "team-tourn"]
[EventRounds "11"]
[EventCountry "BEL"]
[SourceTitle "EXT 2006"]
[Source "ChessBase"]
[SourceDate "2005.11.24"]
[SourceVersion "1"]
[SourceVersionDate "2005.11.24"]
[SourceQuality "1"]
[WhiteTeam "Borgerhout"]
[BlackTeam "KGSRL"]
[WhiteTeamCountry "BEL"]
[BlackTeamCountry "BEL"]

1. e4 d5 2. exd5 Qxd5 3. Nc3 Qa5 4. d4 c6 5. Bd2 Nf6 6. Bd3 Bg4 7. f3 Bh5 8. Qe2 e6 9. Nh3 Bg6 10. Ne4 Qb6 11. Nxf6+ gxf6 12. 0-0-0 Nd7 13. Be3 Qc7 14. Bf4 Bd6 15. Bxd6 Qxd6 16. f4 Bxd3 17. Rxd3 Qd5 18. Kb1 0-0-0 19. Ng1 h5 20. Nf3 Rdg8 21. Rc1 h4 22. Qf2 Rg4 23. g3 hxg3 24. hxg3 Qh5 25. d5 exd5 26. Qxa7 Kc7 27. Rb3 Rb8 28. Nd4 Qg6 29. f5 Qg8 30. c4 dxc4 31. Rxc4 Ne5 32. Nb5+ Kc8 33. Rcc3 Qd8 34. Qc5 b6 35. Qa3 Qd7 36. Qa6+ Kd8 37. Na7 Rxg3 38. a3 Rxc3 39. bxc3 Qd1+ 40. Kb2 Qd2+ 41. Kb1 Kc7 42. Ka1 Qc1+ 43. Ka2 Qc2+ 44. Rb2 Qxc3 45. Kb1 Qd3+ 0-1

[Event "Ghent op 25th"]
[White "Abolianin, Arthur"]
[Black "Saligo, Luc"]
[Site "Ghent"]
[Round "6"]
[Result "1-0"]
[Date "2002.07.22"]
[WhiteElo "2406"]
[BlackElo "2093"]
[PlyCount "119"]
[EventDate "2002.07.20"]
[EventType "swiss"]
[EventRounds "9"]
[EventCountry "BEL"]
[SourceTitle "CBM 089 Extra"]
[Source "ChessBase"]
[SourceDate "2002.09.10"]
[SourceVersion "2"]
[SourceVersionDate "2002.09.10"]
[SourceQuality "1"]

1. d4 Nf6 2. c4 c5 3. Nf3 cxd4 4. Nxd4 Nc6 5. Nc3 g6 6. e4 d6 7. Be2 Bg7 8. Be3 a6 9. 0-0 e5 10. Nc2 0-0 11. Qd2 Be6 12. Rfd1 Ne8 13. c5 f5 14. Bg5 Qd7 15. Nd5 Bxd5 16. Qxd5+ Kh8 17. cxd6 h6 18. Be7 Nxe7 19. dxe7 Qxe7 20. exf5 gxf5 21. Ne3 Rc8 22. Qd7 Rc7 23. Qxe7 Rxe7 24. Rac1 Nc7 25. g4 fxg4 26. Bxg4 Nb5 27. Rd7 Rxd7 28. Bxd7 Nd6 29. Rd1 Rf6 30. Rd5 h5 31. Kf1 Kh7 32. Ke1 Kg6 33. b3 Kf7 34. a4 Ke7 35. Bh3 Rf3 36. Bg2 Rf4 37. Ke2 b5 38. Rc5 Rd4 39. Rc7+ Kf6 40. Nd5+ Kg6 41. Rc6 Bf8 42. Rxa6 bxa4 43. bxa4 h4 44. Nc7 Kf7 45. Bd5+ Ke7 46. Bb3 Kd7 47. Ne6 Nf5 48. Nxf8+ Ke8 49. Ra8+ Ke7 50. Ng6+ Kf6 51. Ra6+ Kg5 52. Bc2 e4 53. Re6 Rc4 54. Bxe4 Nd4+ 55. Kd3 Rxa4 56. Rb6 h3 57. Ke3 Nf5+ 58. Bxf5 Kxf5 59. Ne7+ Ke5 60. f4+ 1-0